000 004760000a22001930004500
001 001604
003 MACL
005 20150903161255.0
008 150903b xxu||||| |||| 00| 0 eng d
040 _aMACL
_cMACL
041 _aEnglish
082 _a820/HOB
100 _aKarat, Prakash
_92322
245 _aAcross Time And Continents
_cPrakash Karat
260 _aDelhi
_c2003
_bProgressive Printers,
350 _a450
650 _aLiterature
_98983
942 _k820
_cBK
_2ddc
999 _c13524
_d13524